000 00287nam a22001337a 4500
008 170809b xxu||||| |||| 00| 0 eng d
020 _a9780321330246
041 _aeng
080 _22ND
_a004
100 _a35
101 _aSHK
245 _aABSOLUTE JAVA
_cSAVITCH,W
942 _2udc
_cBK
999 _c22945
_d22945